Synonymický slovník slovenčiny

Bibliographic Details
Main Authors: Pisárčiková, Mária, 1937- (Author), Anettová, Alena, 1957- (Author), Hrubaničová, Ingrid, 1965- (Author), Michalus, Štefan, 1931-1995 (Author), Pícha, Emil, 1961- (Author), Považaj, Matej, 1942- (Author), Tibenská, Eva, 1955- (Author)
Format: Book
Language:Slovak
PhysicalDescription:998 s. Zoz. použitých skrat. 25 cm
Published: Bratislava Veda 1995
ISBN:8022404276
Edition:1. vyd.
Subjects:

MARC

LEADER 00000nam a2200000 a 4500
001 vtls001100057
003 SK-MaSNL
005 20260301062503.0
008 240226s1995 xo e r 000 0 slo
015 |a SNBA1996/0200504 
020 |a 8022404276  |q (viaz.) 
035 |a SNK000042899 
035 |a urn:nbn:sk:snk-amlr9x 
035 |a urn:nbn:sk:snk-am00c48f 
035 |a CB1F045F-9384-43DE-AF54-1CD67E93A6C3 
040 |a SNK  |b slo  |c SNK  |e AACR2 
041 0 |a slo 
044 |a xo  |c SK 
080 |a 801.314:808.54(038)  |2 1981 
080 |a 808.54(038)  |2 1981 
245 0 0 |a Synonymický slovník slovenčiny  |c Alena Anettová ... [et al.] ; hlavná red. Mária Pisárčíková 
250 |a 1. vyd. 
260 |a Bratislava  |b Veda  |c 1995 
300 |a 998 s.  |b Zoz. použitých skrat.  |c 25 cm 
500 |a Vysvetl. stavby hesla a zoz. použitých skrat. na front. a predsádkach 
650 0 7 |a slovenčina  |2 SNKPH  |9 1350 
650 0 7 |a synonymá  |2 SNKPH  |9 1397 
650 0 7 |a synonymické slovníky  |2 SNKPH  |9 376912 
655 7 |a slovníky  |2 SNKPH  |9 70413 
700 1 |a Rašla, Peter,  |d 1944-  |4 oth  |9 46473 
700 1 |a Pisárčiková, Mária,  |d 1937-  |4 aut  |9 90042 
700 1 |a Anettová, Alena,  |d 1957-  |4 aut  |9 98573 
700 1 |a Hrubaničová, Ingrid,  |d 1965-  |4 aut  |9 100106 
700 1 |a Michalus, Štefan,  |d 1931-1995  |4 aut  |9 90043 
700 1 |a Pícha, Emil,  |d 1961-  |4 aut  |9 102333 
700 1 |a Považaj, Matej,  |d 1942-  |4 aut  |9 86590 
700 1 |a Tibenská, Eva,  |d 1955-  |4 aut  |9 193473 
919 |a 80-224-0427-6 
958 |a TL 
958 |a SS 
999 |c 620838  |d 622768 
952 |t P60, <09>, [BOOK], {629}  |a SNK  |b SNK  |y NEVYP  |7 0  |o snkC 2166  |i snk4232/951208  |0 0  |1 0  |4 0  |d 1995-12-07  |l 0  |r 2004-12-31 00:00:00  |w 2026-02-23 
952 |t P60, <03>, [BOOK], {603}  |a SNK  |b SNK  |y PREZ  |7 0  |p 17A0127852  |o snkSC 89559  |i snkKSP 10276/95  |0 0  |1 0  |4 0  |d 1995-12-07  |f 1  |l 0  |r 2025-09-09 00:00:00  |w 2026-02-23 
952 |t P60, <04>, [BOOK], {604}  |a SNK  |b SNK  |y VYP  |7 0  |p 17A0057838  |o snkSC 89559 D1  |i snkKSP 10277/95  |0 0  |1 0  |4 0  |d 1995-12-07  |l 0  |r 2004-12-31 00:00:00  |w 2026-02-23 
952 |t snkSYN 808.54(031)  |a SNKUST  |b SNKUST  |y PREZ  |7 0  |p 17A0095714  |o snkSC 89559 D2  |i snkOKIS 13/1995  |0 0  |1 0  |4 0  |d 1998-03-17  |l 0  |r 2025-05-29 00:00:00  |w 2026-02-23